Dôležitosť rodičovskej medácie používania médií a jej súvislosť s výchovnými štýlmi v rodine
Problematika rodičovskej mediácie a jej rôzne stratégie. Význam rodičovskej autority a pestrosť výchovných štýlov, ktoré môžu podmieňovať aj uplatňovanie špecifickej mediačnej stratégie. Konkrétne mediačné techniky a ich efektivita.
Saved in:
| Main Author: | |
|---|---|
| Format: | Book Chapter |
| Language: | Slovak |
| Subjects: | |
| Tags: |
No Tags, Be the first to tag this record!
|
MARC
| LEADER | 00000nla a2200000 4500 | ||
|---|---|---|---|
| 001 | 0220022 | ||
| 005 | 20240417075107.4 | ||
| 041 | 0 | |a slo | |
| 044 | |a CZ | ||
| 245 | 1 | 0 | |a Dôležitosť rodičovskej medácie používania médií a jej súvislosť s výchovnými štýlmi v rodine |c Vladimíra Hladíková |
| 520 | |a Problematika rodičovskej mediácie a jej rôzne stratégie. Význam rodičovskej autority a pestrosť výchovných štýlov, ktoré môžu podmieňovať aj uplatňovanie špecifickej mediačnej stratégie. Konkrétne mediačné techniky a ich efektivita. | ||
| 610 | 2 | 0 | |a mediácia |
| 610 | 2 | 0 | |a mediátori |
| 610 | 2 | 0 | |a rodina |
| 610 | 2 | 0 | |a psychológia sociálna |
| 610 | 2 | 0 | |a správanie sociálne |
| 610 | 2 | 0 | |a výchova |
| 610 | 2 | 0 | |a kohézia sociálna |
| 610 | 2 | 0 | |a technika práce duševnej |
| 100 | 1 | |a Hladíková, Vladimíra | |